[Event "Challenge"]
[Site "http://www.queenalice.com/game.php?id=73288"]
[Date "2006.5.31"]
[Round "-"]
[White "Catao"]
[Black "bilibio"]
[Result "1-0"]
[WhiteElo "1770"]
[BlackElo "1500"]

1. d4 Nc6 2. Nf3 d5 3. c4 dxc4 4. e3 Bg4 5. Bxc4 e5 6. Be2 e4 7. Nfd2 Be6 8.
Nxe4 f5 9. Nec3 Bb4 10. a3 Ba5 11. b4 Bb6 12. d5 Nf6 13. dxe6 O-O 14. Qb3 Ne7
15. O-O Qd6 16. Rd1 Qe5 17. Bf3 Rad8 18. Ra2 Ng4 19. Bxg4 fxg4 20. Na4 Kh8 21.
Nxb6 Qxe6 22. Nd5 Nxd5 23. Rad2 c6 24. Rd4 h5 25. Qd3 g6 26. Bb2 Kg7 27. Rxd5+
Kg8 28. Rxd8 g3 29. Rxf8+ Kxf8 30. Qd8+ Qe8 31. Qf6+ 1-0

[Event "Challenge"]
[Site "http://www.queenalice.com/game.php?id=73639"]
[Date "2006.6.1"]
[Round "-"]
[White "bilibio"]
[Black "ralozaga"]
[Result "0-1"]
[WhiteElo "1321"]
[BlackElo "1140"]

1. e4 e5 2. Nf3 Nc6 3. d4 d6 4. Bb5 a6 5. Bxc6+ bxc6 6. dxe5 dxe5 7. Nxe5 Nf6 8.
Qxd8+ Kxd8 9. Nxf7+ Ke7 10. Nxh8 Bg4 11. Bg5 Rd8 12. Nc3 Ke8 13. O-O h6 14. Bxf6
Rd6 15. e5 Re6 16. f3 Bc5+ 17. Kh1 Bf5 0-1

[Event "Challenge"]
[Site "http://www.queenalice.com/game.php?id=73919"]
[Date "2006.6.2"]
[Round "-"]
[White "bilibio"]
[Black "bobx"]
[Result "0-1"]
[WhiteElo "1224"]
[BlackElo "1759"]

1. e4 e5 2. d3 Nc6 3. f4 exf4 4. Bxf4 Bc5 5. Qg4 Qf6 6. c3 d6 7. Qf3 Nge7 8. d4
Bb6 9. Bb5 O-O 10. Bxc6 Nxc6 11. Ne2 Re8 12. O-O Be6 13. Kh1 Bc4 14. Re1 Rad8
15. Nd2 Na5 16. e5 dxe5 17. dxe5 Qg6 18. Nxc4 Nxc4 19. b3 Na3 20. Rf1 c6 21. Qg3
Qxg3 22. hxg3 f6 23. exf6 Rxe2 24. Rfe1 Rxe1+ 25. Rxe1 gxf6 26. Re7 Nb5 27. c4
Nc3 28. a3 Ne2 29. Bc7 Bxc7 30. Rxc7 Nxg3+ 31. Kg1 Rb8 32. b4 Ne4 33. Kh2 Nd6
34. c5 Nb5 35. Rd7 Nxa3 36. Kh3 Nc2 37. Kh4 Nxb4 38. Kh5 Kf8 39. Rxh7 Re8 0-1

[Event "Challenge"]
[Site "http://www.queenalice.com/game.php?id=80918"]
[Date "2006.6.28"]
[Round "-"]
[White "alisonkarina"]
[Black "bilibio"]
[Result "1-0"]
[WhiteElo "1648"]
[BlackElo "1339"]

1. e4 d5 2. exd5 Qxd5 3. d3 g6 4. Be2 Qxg2 5. Bf3 Bg4 6. Bxg2 Bxd1 7. Kxd1 Nd7
8. Bxb7 Rb8 9. Bd5 Ngf6 10. Bc6 Ng4 11. f3 Nf2+ 12. Ke1 Nxh1 13. Bf4 Rxb2 14.
Nc3 Rxc2 15. Rb1 Kd8 16. Rb7 e5 17. Bg5+ Kc8 18. Kd1 Rxc3 19. Rxa7 Rxc6 20. a4
Nb6 21. a5 Nd5 22. a6 Nf2+ 23. Ke2 Rc2+ 24. Kf1 Nb6 25. Be3 Kb8 26. Rb7+ Kc8 27.
Bxf2 1-0

[Event "Challenge"]
[Site "http://www.queenalice.com/game.php?id=82534"]
[Date "2006.7.4"]
[Round "-"]
[White "bilibio"]
[Black "pierj"]
[Result "0-1"]
[WhiteElo "1457"]
[BlackElo "1385"]

1. e4 d5 2. Nc3 d4 3. Nce2 c5 4. c3 Nc6 5. Qa4 Bd7 6. Qb5 Qc7 7. Qxc5 Rc8 8.
cxd4 e5 9. Qc3 exd4 10. Nxd4 Nxd4 11. Qxd4 Nh6 12. d3 Qc2 13. Qxa7 Bb4+ 14. Bd2
Qxd2# 0-1

[Event "AUTO-INT-449"]
[Site "http://www.queenalice.com/game.php?id=208878"]
[Date "2007.5.10"]
[Round "1"]
[White "bilibio"]
[Black "mast"]
[Result "0-1"]
[WhiteElo "1112"]
[BlackElo "1480"]

1. e4 e5 2. Nf3 Qf6 3. d4 exd4 4. Nxd4 Bc5 5. Be3 g6 6. c3 Ne7 7. Nb5 Bxe3 8.
fxe3 Na6 9. Bc4 O-O 10. Rf1 Qh4+ 11. g3 Qxh2 12. Bxf7+ Rxf7 13. Qb3 Qxg3+ 14.
Ke2 d5 15. exd5 Bg4+ 16. Kd3 Nc5+ 17. Kc4 Qxe3 18. Qc2 Be2+ 19. Kb4 Rxf1 20. c4
a5# 0-1

[Event "AUTO-INT-449"]
[Site "http://www.queenalice.com/game.php?id=208879"]
[Date "2007.5.10"]
[Round "1"]
[White "mast"]
[Black "bilibio"]
[Result "1-0"]
[WhiteElo "1519"]
[BlackElo "1164"]

1. e4 Nf6 2. Qf3 d5 3. exd5 Nxd5 4. c3 c6 5. Bc4 Be6 6. d4 g6 7. Bxd5 Bxd5 8.
Qg3 Qd6 9. Bf4 Qe6+ 10. Be3 Bh6 11. Ne2 Bxe3 12. Qxe3 Bxg2 13. Qxe6 fxe6 14. Rg1
Bf3 15. Nf4 e5 16. Ne6 Na6 17. Nd2 Bd5 18. Ng5 O-O 19. c4 Nb4 20. Kd1 Rxf2 21.
cxd5 exd4 22. h3 cxd5 23. Ne6 d3 24. a3 Nc2 25. Nb3 Nxa1 26. Nxa1 Rc8 27. Nb3
Rcc2 28. Nec5 Rh2 29. Nxd3 Rxb2 30. Nxb2 Rxb2 31. Rg3 e5 32. Nc5 d4 33. Kc1 Rb5
34. Ne4 a5 35. Kc2 a4 36. Rg5 1-0

[Event "AUTO-BEG-99"]
[Site "http://www.queenalice.com/game.php?id=209230"]
[Date "2007.5.11"]
[Round "1"]
[White "prodomus"]
[Black "bilibio"]
[Result "0-1"]
[WhiteElo "1197"]
[BlackElo "1110"]

1. e4 d5 2. exd5 Qxd5 3. Qf3 Nf6 4. Qe2 Bg4 5. Qe3 e6 6. Nc3 Qf5 7. f3 Bh5 8.
Nge2 Bc5 9. Nd4 Bxd4 10. Qxd4 Nc6 11. Bb5 O-O 12. Bxc6 bxc6 13. b3 Rfd8 14. Qe3
Qxc2 15. Ne2 c5 16. Ba3 c4 17. O-O Qxd2 18. Qxd2 Rxd2 19. Nf4 e5 20. Nh3 Rad8
0-1

[Event "AUTO-BEG-99"]
[Site "http://www.queenalice.com/game.php?id=209231"]
[Date "2007.5.11"]
[Round "1"]
[White "bilibio"]
[Black "prodomus"]
[Result "1-0"]
[WhiteElo "1139"]
[BlackElo "1197"]

1. Nf3 e5 2. Nxe5 Bc5 3. e3 d6 4. Nc4 Be6 5. d4 Bxc4 6. Bxc4 Bb4+ 7. Bd2 Bxd2+
8. Nxd2 Nf6 9. Qf3 c6 10. d5 cxd5 11. Bxd5 Qb6 12. Bxb7 Qxb2 13. O-O Qxc2 14.
Ne4 Nxe4 15. Bxe4 Qc8 16. Rac1 Qd7 17. Bxa8 O-O 18. Bd5 Na6 19. Rc6 Qb7 20. Rxd6
1-0